Nombres de 0 à 100 à l'envers en 30 secondes - Statistiques

Statistiques générales
  • Ce quiz a été pris 990 fois
  • Le résultat moyen est 29 sur 101
Statistiques - réponses
Nombres % Correct
100
100%
99
95%
98
94%
97
93%
96
90%
95
89%
94
88%
92
87%
93
87%
91
86%
90
81%
89
80%
87
78%
88
78%
84
77%
85
77%
86
77%
82
75%
83
75%
81
74%
80
72%
79
69%
78
67%
77
65%
75
63%
76
63%
74
62%
73
60%
72
58%
71
56%
70
51%
69
43%
68
41%
67
40%
66
38%
65
34%
64
32%
63
31%
62
30%
61
29%
60
26%
59
21%
58
20%
57
19%
56
16%
55
15%
54
13%
53
12%
52
11%
50
9%
51
9%
49
8%
47
7%
48
7%
46
6%
44
5%
45
5%
41
4%
42
4%
43
4%
40
3%
38
2%
39
2%
28
1%
29
1%
30
1%
31
1%
32
1%
33
1%
34
1%
35
1%
36
1%
37
1%
0
0%
1
0%
10
0%
11
0%
12
0%
13
0%
14
0%
15
0%
16
0%
17
0%
18
0%
19
0%
2
0%
20
0%
21
0%
22
0%
23
0%
24
0%
25
0%
26
0%
27
0%
3
0%
4
0%
5
0%
6
0%
7
0%
8
0%
9
0%
Aucun quiz correspondant
Distribution des résultats
% des personnes avec chaque résultat
Percentile par nombre de réponses
Votre historique - résultats
Vous n’avez pas pris ce quiz